000 00957cam a2200301 a 4500
999 _c1755
_d1755
001 ocn132831482
003 TZ-ArACH
005 20200227145332.0
008 031028s2003 ne b 001 0 eng
020 _a9041118381
020 _a9789041118387
035 _a(OCoLC)132831482
035 _a(CStRLIN)CUBL03-B7094
040 _aBDS
_cTZ-ArACH
041 _aEng
049 _aTZAA
050 4 _aKZ6265
_b.A44
100 1 _aAmerasinghe, Chittharanjan Felix,
_d1933-
_96380
245 1 0 _aJurisdiction of international tribunals /
_cby Chittharanjan F. Amerasinghe.
260 _aThe Hague ;
_aNew York :
_bKluwer Law International,
_cc2003.
300 _alxi, 881 p. ;
_c25 cm.
504 _aIncludes bibliographical references and index.
650 0 _aJurisdiction (International law)
_96381
650 0 _aInternational courts.
_96382
907 _a.o2769566
942 _2lcc
_cBOOK